| 000 | 00971cas a2200265 i 4500 | ||
|---|---|---|---|
| 001 | 18315554 | ||
| 005 | 20180306092709.0 | ||
| 008 | 000412d1999uuuusi uu p 0 a0eng c | ||
| 010 | _a 2014252453 | ||
| 022 | _z0374-2806 | ||
| 035 | _a(OCoLC)ocm43838513 | ||
| 040 |
_aCU-S _beng _cCU-S _dFU _dOCoLC _dOCLCF _dWaU _erda |
||
| 041 | _aeng | ||
| 042 | _apcc | ||
| 080 | _a53 CLA | ||
| 082 | _253 CLA | ||
| 100 | _a43 | ||
| 101 | _afiz | ||
| 245 | 0 | 0 |
_a modern physics. _nPart C, _pComments on plasma physics and controlled fusion. |
| 246 | 3 | 0 | _aComments on plasma physics and controlled fusion |
| 362 | 1 | _aBegan with: Issue C1 (1999). | |
| 580 | _aCumulates Section C of: Comments on modern physics (1999), which was a merger of five journals including: Comments on plasma physics and controlled fusion. | ||
| 776 | 0 | 8 |
_iOnline version: _tComments on modern physics. Part C, Comments on plasma physics and controlled fusion _w(OCoLC)701571658 |
| 942 |
_2ddc _cBK |
||
| 999 |
_c44226 _d44226 |
||